Loading...
Business Strategy
| Main Author: | |
|---|---|
| Format: | Printed Book |
| Published: |
London:
Profile Books,
2004.
|
| Subjects: |
| LEADER | 00570cam a2200193ua 4500 | ||
|---|---|---|---|
| 082 | |a 658.401 2 |b KOU/B | ||
| 100 | 0 | |a Kourdi,Jeremy | |
| 245 | 1 | 0 | |a Business Strategy |
| 260 | |a London: |b Profile Books, |c 2004. | ||
| 300 | |a v,246p.. | ||
| 650 | |a Management | ||
| 650 | 0 | |a Competitive strategy | |
| 650 | 0 | |a Customer Focus | |
| 650 | 0 | |a Leadership | |
| 650 | 0 | |a Customer Focus | |
| 650 | 0 | |a Barnd management | |
| 942 | |c BK | ||
| 999 | |c 12689 |d 12689 | ||
| 952 | |0 0 |1 0 |4 0 |6 658_401000000000000_2_KOU |7 0 |9 13236 |a KUCL |b KUCL |d 2014-05-23 |l 0 |o 658.401 2 KOU/ |p 15769 |r 2014-05-23 |w 2014-05-23 |y BK | ||